000 01095nam a22002657a 4500
005 20170124103016.0
010 _aB-142299
020 _c200.00
_a8190155105
035 _aB-142299
037 _bCen Lib/Ret
040 _aDPL
_bHN
082 _a
_bफास्टहा
100 _aफास्ट, हावर्ड
_959163
245 _aशहीद गाथा /
_cहावर्ड फास्ट; अनुवादक उदयकांत पाठक
246 _aShaheed gatha /
_bby Howard Fast; anuvadak Udaykant Pathak
260 _aदिल्ली
_bसर्वोदय प्रकाशन
_c2004
270 _a512-बी, गली-2, विश्वास नगर
_bदिल्ली
_e110032
300 _a184पृ.
_c21सेमी (सजिल्द)
650 _aहिन्दी साहित्य
_959164
650 _aउपन्यास
_959165
650 _aHindi literature
_959166
650 _aFiction
_98901
700 _aपाठक, उदयकांत
_959167
942 _2ddc
_cHN
_h
_mफास्टहा
999 _c114956
_d114956